| 000 | 01503cam a2200385 i 4500 | ||
|---|---|---|---|
| 003 | EG-GICUC | ||
| 005 | 20260203114240.0 | ||
| 008 | 950504s1996 nyua frb 000 0 eng d | ||
| 020 |
_a0195085396 _qcloth : acid-free paper |
||
| 020 |
_a019508540X _qpbk. : acid-free paper |
||
| 020 |
_a9780195085396 _q(cloth : acid-free paper) |
||
| 020 | _a9780195085402 | ||
| 040 |
_aDLC _cDLC _dDLC _dEG-GICUC _beng _erda |
||
| 050 | 0 | 0 |
_aKZ3092 _b.I57 1996 |
| 082 | 0 | 0 |
_a341 _221 |
| 092 | 0 | 4 | _221 |
| 099 | _aLaw 11 1996 | ||
| 245 | 0 | 0 |
_aInternational rules : _bapproaches from international law and international relations / _cedited by Robert J. Beck, Anthony Clark Arend, Robert D. Vander Lugt. |
| 264 |
_aNew York : _bOxford University Press, _c1996. |
||
| 300 |
_axvi, 310 pages : _billustrations ; _c24 cm. |
||
| 336 |
_atext _2rdacontent |
||
| 337 |
_aComputer _2rdamedia |
||
| 338 |
_aOnline Resource _2rdacarrier |
||
| 504 | _aIncludes bibliographical references. | ||
| 650 | 0 | _aInternational law. | |
| 650 | 0 | _aInternational relations. | |
| 700 | 1 |
_aBeck, Robert J., _d1961- _eeditor. |
|
| 700 | 1 |
_aArend, Anthony C., _eeditor. |
|
| 700 | 1 |
_aVander Lugt, Robert D., _eeditor. |
|
| 856 | 4 | 2 | _uhttps://fll.law.cu.edu.eg/fulltext/bks/ENGB11-00117.pdf |
| 856 | 4 | 2 |
_3Publisher description _uhttp://www.loc.gov/catdir/enhancements/fy0604/95009258-d.html |
| 856 | 4 | 1 |
_3Table of contents only _uhttp://www.loc.gov/catdir/enhancements/fy0604/95009258-t.html |
| 905 | _a10 | ||
| 942 |
_2ddc _cBK _e21 _n0 |
||
| 999 |
_c60472 _d60472 |
||